Statistics for Manchester City Players Who Played In PL Winning Season

Click here to take the quiz!

General Stats

  • This quiz has been taken 136 times
  • The average score is 39 of 72

Answer Stats

SeasonAppsAnswer% Correct
2011-1234Sergio Aguero
98%
2017-1825Sergio Aguero
98%
2013-1423Sergio Aguero
98%
2013-1427David Silva
93%
2017-1829David Silva
93%
2011-1236David Silva
93%
2013-1431Joe Hart
90%
2011-1238Joe Hart
90%
2011-1231Vincent Kompany
90%
2017-1817Vincent Kompany
90%
2013-1428Vincent Kompany
90%
2017-1836Ederson
88%
2017-1837Kevin De Bruyne
84%
2017-1832Kyle Walker
82%
2017-1833Raheem Sterling
81%
2017-1818John Stones
79%
2013-1431Edin Dzeko
74%
2011-1231Edin Dzeko
74%
2013-1433Fernandinho
74%
2017-1834Fernandinho
74%
2011-1214Kolo Toure
74%
2013-1435Yaya Toure
74%
2011-1232Yaya Toure
74%
2017-1810Yaya Toure
74%
2013-1435Pablo Zabaleta
71%
2011-1221Pablo Zabaleta
71%
2017-1829Gabriel Jesus
69%
2017-1832Leroy Sane
69%
2011-1223Mario Balotelli
67%
2017-1834Nicolas Otamendi
65%
2017-187Benjamin Mendy
64%
2017-1830Ilkay Gundogan
64%
2017-189Aymeric Laporte
63%
2011-1221Aleksandar Kolarov
59%
2013-1429Aleksandar Kolarov
59%
2013-1420Gael Clichy
57%
2011-1228Gael Clichy
57%
2011-1213Carlos Tevez
54%
2017-183Claudio Bravo
52%
2017-185Phil Foden
52%
2011-1232Joleon Lescott
51%
2013-1410Joleon Lescott
51%
2011-1234Gareth Barry
49%
2013-1434Samir Nasri
48%
2011-1230Samir Nasri
48%
2011-1229Micah Richards
44%
2013-142Micah Richards
44%
2017-1822Fabian Delph
43%
2017-188Oleksandr Zinchenko
40%
2013-1431James Milner
37%
2011-1226James Milner
37%
2017-189Eliaquim Mangala
36%
2013-1430Jesus Navas
36%
2017-1823Danilo
35%
2013-1432Alvaro Negredo
31%
2011-1221Nigel De Jong
29%
2013-1427Martin Demichellis
28%
2011-1226Adam Johnson
25%
2013-147Costel Pantillimon
24%
2017-185Brahim Diaz
23%
2013-1413Stevan Jovetic
22%
2013-1413Matija Nastasic
17%
2011-1211Stefan Savic
16%
2013-1429Javi Garcia
12%
2011-121Owen Hargreaves
10%
2013-145Jack Rodwell
9%
2011-125David Pizzaro
6%
2013-141Dedryk Boyata
5%
2017-182Lukas Nmecha
4%
2011-121Abdul Razak
2%
2017-1835Bernardo Siva
2%
2011-121Nedum Onuoha
2%

Score Distribution

Percentile by Number Answered

Percent of People with Each Score

Your Score History

You have not taken this quiz